000 00437nam a2200169Ia 4500
005 20250508152653.0
008 008 250505s9999 xx 000 0 hin d
037 _aTextual
040 _aFEDL
_beng
_cFEDL
041 _ahin
_2eng
084 _aFH, KUM
_qFEDL
245 0 _aJenendra ki kahaniya
260 _aDelhi, India
_bPurvodiya Prakashan
300 _a216p.
942 _cTEXL
_hFH, KUM
999 _c1337939
_d1337939